عرض عادي
عرض مارك
- Chatfield, Carl S.,
مدخل إسم شخص
001 - رقم الضبط
- حقل الضبط: 64333
003 - معرف رقم الضبط
- حقل الضبط: OSt
005 - تاريخ ووقت أخر عملية
- حقل الضبط: 20180817190955.0
008 - عناصر بيانات ثابتة الطول
- حقل تحكم ثابت الطول: 180817|| aca||aabn | a|a d
040 ## - مصدر الفهرسة
- هيئة الفهرسة الأصلية: OSt
- وكالة الكتابة: OSt
100 ## - مدخل -- أسم شخص
- إسم شخص: Chatfield, Carl S.,
- تواريخ مرتبطة بالاسم: 1964-
- مصطلح الرابط: author.
670 ## - بيانات المصدر موجوده
- الاستشهاد بالمصدر: Work cat.: (OSt)0: Chatfield, Carl S., 1964- author., Microsoft Project 2016 step by step /
